000 00696nam a2200181 i 4500
001 39430
003 ES-MaACL
005 20250901213713.0
007 t|
008 030303s1969 sp ||||1| spa d
110 2 _aCámara Oficial de Comercio, Industria y Navegación de Sevilla
_92400
245 1 0 _aMemoria comercial año 1967 y avance 1968 /
_cCámara Oficial de Comercio, Industria y Navegación de Sevilla.
260 _aSevilla :
_b[s.n.,
_c1969] (
_fImp. San Antonio)
300 _a413 p. :
_b10 gráf. col. ;
_c25 cm.
610 2 4 _aCámara Oficial de Comercio, Industria y Navegación de Sevilla-
_vMemorias.
_9151808
852 _aES-MaACL
_jC-42304
_bR.70339
999 _c39430
_d39430